|
|
|
|
| LEADER |
00000nam a2200000 a 4500 |
| 001 |
vtls010502184 |
| 003 |
SK-MaSNL |
| 005 |
20260301185937.0 |
| 007 |
co bg muuua |
| 008 |
160430s2012 xo | fs 100 0 slo |
| 015 |
|
|
|a SNBS2014
|
| 020 |
|
|
|a 9788055505169 (elektronická kniha)
|
| 040 |
|
|
|a SNK
|b slo
|c SNK
|e AACR2
|
| 041 |
0 |
|
|a slo
|a rus
|
| 044 |
|
|
|a xo
|c SK
|
| 072 |
|
7 |
|a 00
|x Veda. Všeobecnosti. Základy vedy a kultúry. Vedecká práca
|2 konspekt
|
| 080 |
|
|
|a 1/3+7/9
|2 2001
|
| 080 |
|
|
|a (079)371.27
|2 2001
|
| 080 |
|
|
|a (0.034.44)
|2 2001
|
| 080 |
|
|
|a (062.534)
|2 2001
|
| 110 |
2 |
|
|a Prešovská univerzita v Prešove.
|b Filozofická fakulta.
|b Študentská vedecká konferencia
|n (7. :
|d 2011 :
|c Prešov, Slovensko)
|4 aut
|9 49453
|
| 245 |
1 |
0 |
|a 7. študentská vedecká konferencia
|h elektronický zdroj
|c Marek Chovanec (ed.)
|
| 246 |
3 |
|
|a Siedma študentská vedecká konferencia
|
| 246 |
3 |
4 |
|a Zborník zo 7. študentskej vedeckej konferencie
|
| 260 |
|
|
|a Prešov
|b Prešovská univerzita
|c 2012
|
| 300 |
|
|
|a 1 elektronický optický disk (CD-ROM)
|c 12 cm
|
| 500 |
|
|
|a Názov z titulnej obrazovky
|
| 504 |
|
|
|a Bibliogr. odkazy
|
| 516 |
|
|
|a Textový dokument (zborník), súbory vo formáte html, pdf
|
| 538 |
|
|
|a Technické požiadavky: internetový prehliadač, PDF prehliadač
|
| 546 |
|
|
|a Text čiast. aj rus.
|
| 650 |
0 |
7 |
|a humanitné vedy
|2 SNKPH
|9 49832
|
| 650 |
0 |
7 |
|a Humanities
|2 SNKPHeng
|9 265963
|
| 655 |
|
7 |
|a elektronické zdroje
|2 SNKPH
|9 90954
|
| 655 |
|
7 |
|a CD-ROM
|2 SNKPH
|9 70236
|
| 655 |
|
7 |
|a zborníky konferencií
|2 SNKPH
|9 70153
|
| 655 |
|
7 |
|a študentské práce
|2 SNKPH
|9 119560
|
| 655 |
|
7 |
|a Electronic resources
|2 SNKPHeng
|9 175546
|
| 655 |
|
7 |
|a Proceedings of conferences
|2 SNKPHeng
|9 265791
|
| 655 |
|
7 |
|a Student theses
|2 SNKPHeng
|9 265359
|
| 700 |
1 |
|
|a Chovanec, Marek
|4 edt
|9 486291
|
| 856 |
4 |
1 |
|u http://www.pulib.sk/web/kniznica/elpub/dokument/Chovanec3
|
| 919 |
|
|
|a 978-80-555-0516-9
|
| 958 |
|
|
|a NB
|
| 999 |
|
|
|c 865849
|d 867779
|
| 952 |
|
|
|a SNK
|b SNK
|y PREZ
|7 0
|p 17A1066715
|o snkSCDM 5589
|i snk2013/7889
|8 0
|0 0
|1 0
|4 0
|d 2013-04-09
|l 0
|r 2026-02-24 05:26:12
|w 2026-02-24
|